000 00833nam a2200241 u 4500
001 000003367
005 20250211094044.0
008 090707s2001 dr 000 0 spa d
020 _z9993435163
040 _aDO-SdBNP
_bspa
_cBNPHU
082 _a342.729302
_bR426c, 2001
110 1 _aRepública Dominicana.
_9447
240 1 0 _aConstitución
245 1 0 _aConstitución de la República Dominicana :
_banteproyecto.
260 _aSanto Domingo :
_bCONARE,
_c2001.
300 _a117 p. ;
_c21 cm.
590 _aInventariado, 2018/ YL
650 4 _aAnteproyecto de ley
_910529
651 4 _aRepública Dominicana
_xConstitución
_91008
651 4 _aRepública Dominicana
_zDerecho Constitucional
_9449
710 1 _aRepública Dominicana. Consejo Nacional de Reforma del Estado
_964396
910 _aValidado. Control de calidad EMS
999 _c3197
_d3197